| 000 | 00475nam a2200193Ia 4500 | ||
|---|---|---|---|
| 003 | OSt | ||
| 005 | 20251203093125.0 | ||
| 008 | 210210b1990 xxu||||| |||| 00| 0 eng d | ||
| 040 | _cAL | ||
| 041 | _aeng | ||
| 082 | _a364.1524 SHAW | ||
| 100 |
_aHarimohan Sharma _9247320 |
||
| 245 | _aWorld famous political assassinations | ||
| 260 |
_aNew Delhi _bFamily Books Pvt Ltd _c1990 |
||
| 300 | _a127p | ||
| 690 |
_aCriminology _9247321 |
||
| 906 | _a045542 | ||
| 942 |
_2ddc _cBK |
||
| 999 |
_c95076 _d95076 |
||